| 000 | 01220cam a2200337 a 4500 | ||
|---|---|---|---|
| 001 | 1035744 | ||
| 005 | 20250329170350.0 | ||
| 007 | ta | ||
| 008 | 050809s2004 ck a r 000 0dspa d | ||
| 015 | _ack-2004-xxxx | ||
| 040 |
_aCO-CtgCURN _bspa _ccoctgcurn |
||
| 041 | 0 | _aspa | |
| 043 | _as-ck--- | ||
| 082 | 0 | 4 |
_a907.2 _bP19h _219 ed |
| 100 | 1 |
_aPayares González, Carlos, _d1949- |
|
| 245 | 1 | 4 |
_aUna historia que ha sido mal contada : _bla Aldea Grande :un pueblo que nunca existió / _cCarlos Payares González ; correctora Luz María Montoya Hoyos ; prólogo Julio César Villalba. |
| 250 | _aeditor Ignacio Arroyave A. | ||
| 260 | 1 |
_aCienaga, Magdalena : : _bLitoguía,, _c2004. |
|
| 300 |
_a136 p. : _bil. ; _c17 cm. |
||
| 500 | _aIncluye bibliografía. | ||
| 650 | 1 | 4 |
_aHistoriografía _vEnsayos, conferencias, etc. |
| 650 | 1 | 4 |
_aHistoriografía _zColombia. |
| 650 | 1 | 4 |
_aHistoria _xInvestigaciones. |
| 650 | 1 | 4 |
_aHistoria _vEnsayos, conferencias, etc. |
| 700 | 1 | _aMontoya Hoyos, Luz María. | |
| 700 | 1 | _aVillalba, Julio César. | |
| 700 | 1 |
_aArroyave A., Ignacio, _eed. |
|
| 740 | 3 | 2 | _aLa aldea grande: un pueblo que nunca existió. |
| 949 |
_ac _bc |
||
| 999 |
_c6703 _d6703 |
||